|
|
|
|
| LEADER |
01615nam a2200349 a 4500 |
| 001 |
29124 |
| 003 |
BD-DhAAL |
| 005 |
20150413103620.0 |
| 008 |
150412r20121983nju b 000 0 eng |
| 010 |
|
|
|a 79067059
|
| 020 |
|
|
|a 0878556982 (pbk.)
|
| 040 |
|
|
|a DLC
|c DLC
|d DLC
|d BD-DhAAL
|
| 050 |
0 |
0 |
|a HB175
|b .S462 1983
|
| 082 |
0 |
0 |
|a 330
|2 19
|
| 100 |
1 |
|
|a Schumpeter, Joseph A.,
|d 1883-1950.
|9 10310
|
| 240 |
1 |
0 |
|a Theorie der wirtschaftlichen Entwicklung.
|l English
|
| 245 |
1 |
4 |
|a The theory of economic development :
|b an inquiry into profits, capital, credit, interest, and the business cycle /
|c Joseph A. Schumpeter ; translated from the German by Redvers Opie ; with a new introduction by John E. Elliott.
|
| 260 |
|
|
|a New Brunswick, N.J. :
|b Transaction Books,
|c c1983.[Sixteenth printing 2012]
|
| 300 |
|
|
|a lxiv, 255 p. ;
|c 23 cm.
|
| 490 |
|
|
|a Social science classics series
|
| 500 |
|
|
|a Translation of: Theorie der wirtschaftlichen Entwicklung.
|
| 500 |
|
|
|a Reprint. Originally published: Cambridge, Mass. : Harvard University Press, 1934. (Harvard economic studies ; v. 46) With new introd.
|
| 500 |
|
|
|a "Transaction ed."--Introd.
|
| 504 |
|
|
|a Includes bibliographical references.
|
| 541 |
|
|
|e 29124
|
| 650 |
|
0 |
|a Economics.
|9 10311
|
| 650 |
|
0 |
|a Economic development.
|9 10312
|
| 650 |
|
0 |
|a Capitalism.
|9 10313
|
| 830 |
|
0 |
|a Harvard economic studies ;
|v v. 46.
|9 10314
|
| 942 |
|
|
|2 ddc
|c BK
|
| 999 |
|
|
|c 34207
|d 34207
|
| 952 |
|
|
|0 0
|1 0
|2 ddc
|4 0
|6 330_000000000000000_SCH
|7 0
|9 53411
|a BRACUL
|b BRACUL
|c GEN
|d 2015-04-13
|e Riza Enterprizes
|g 4250.00
|l 1
|m 1
|o 330 SCH
|p 3010029124
|r 2015-06-22
|s 2015-06-14
|t 1
|w 2015-04-13
|y BK
|